[Event "Top 16 Groupe B"]
[Site "Chartres, France"]
[Date "2024.05.30"]
[Round "1.1"]
[White "Maurizzi, Marc Andria"]
[Black "Gavrilescu, David"]
[Result "1-0"]
[WhiteElo "2617"]
[BlackElo "2538"]
[PlyCount "75"]
[EventDate "2024.??.??"]

1. e4 {22} c5 {32} 2. Nf3 {108} e6 {32} 3. d4 {41} cxd4 {25} 4. Nxd4 {4} Nf6 {
38} 5. Nc3 {5} Nc6 {26} 6. Qd3 {4} d5 {74} 7. exd5 {19} Nb4 {39} 8. Qg3 {9} Bc5
{21} 9. a3 {6} Bxd4 {591} 10. axb4 {331} O-O {181} 11. d6 {899} e5 {344} 12.
Bd3 {143} Re8 {233} 13. O-O {328} e4 {274} 14. Be2 {353} Be5 {943} 15. Bf4 {87}
Qxd6 {738} 16. Nb5 {168} Qb8 {519} 17. Bxe5 {35} Rxe5 {7} 18. Nxa7 {106} Nh5 {
194} 19. Bxh5 {798} Rxh5 {7} 20. Nxc8 {277} Qxc8 {6} 21. Qf4 {23} Rxa1 {589}
22. Rxa1 {65} f5 {6} 23. Qd6 {378} h6 {232} 24. Qd5+ {212} Kh7 {15} 25. c4 {22}
Rg5 {244} 26. c5 {247} Qe8 {297} 27. h4 {999} Rh5 {7} 28. Re1 {118} Qg6 {75}
29. Qd6 {35} Rxh4 {349} 30. Qxg6+ {3} Kxg6 {6} 31. g3 {216} Rg4 {15} 32. b5 {72
} e3 {47} 33. Rxe3 {9} Rb4 {131} 34. Re6+ {4} Kg5 {4} 35. Rb6 {5} f4 {6} 36.
gxf4+ {15} Kxf4 {1} 37. Rxb7 {15} Kf3 {129} 38. c6 {48} 1-0

[Event "Top 16 Groupe B"]
[Site "Chartres, France"]
[Date "2024.05.30"]
[Round "1.2"]
[White "Nijboer, Friso"]
[Black "Dardha, Daniel"]
[Result "1/2-1/2"]
[WhiteElo "2471"]
[BlackElo "2650"]
[PlyCount "56"]
[EventDate "2024.??.??"]

1. e4 {3} e5 {15} 2. Nf3 {9} Nc6 {4} 3. Bb5 {9} a6 {96} 4. Ba4 {16} Nge7 {17}
5. c3 {278} f6 {332} 6. d4 {293} d5 {13} 7. dxe5 {1462} dxe4 {50} 8. Qxd8+ {76}
Kxd8 {5} 9. exf6 {15} gxf6 {102} 10. Nh4 {1040} Ne5 {943} 11. Bc2 {937} f5 {106
} 12. Bf4 {196} N7c6 {567} 13. Nd2 {317} Be7 {55} 14. g3 {6} Be6 {183} 15.
O-O-O {286} Ke8 {27} 16. f3 {26} Nd3+ {323} 17. Bxd3 {156} exd3 {5} 18. Nb3 {84
} a5 {737} 19. Kb1 {98} Kf7 {292} 20. Nc1 {279} b5 {253} 21. Nxd3 {14} b4 {52}
22. Ne5+ {2} Nxe5 {24} 23. Bxe5 Rhb8 {448} 24. Ng2 {112} b3 {333} 25. a4 {33}
Rd8 {231} 26. Nf4 {219} Bc4 27. Bxc7 {141} Rxd1+ {310} 28. Rxd1 {4} Ra7 {159}
1/2-1/2

[Event "Top 16 Groupe B"]
[Site "Chartres, France"]
[Date "2024.05.30"]
[Round "1.3"]
[White "Mamedov, Rauf"]
[Black "Miron, Lucian-Costin"]
[Result "1-0"]
[WhiteElo "2651"]
[BlackElo "2479"]
[PlyCount "65"]
[EventDate "2024.??.??"]

1. Nf3 {3} Nf6 {17} 2. g3 {8} e6 {181} 3. Bg2 {8} d5 {6} 4. O-O {7} c5 {430} 5.
d4 {187} cxd4 {8} 6. Nxd4 {4} e5 {6} 7. Nb3 {9} a5 {5} 8. Bg5 {250} a4 {244} 9.
Nc1 {231} Ra5 {499} 10. a3 {845} Be6 {631} 11. b4 {281} axb3 {60} 12. Nxb3 {5}
Ra6 {8} 13. Nc3 {199} d4 {414} 14. Ne4 {223} Nbd7 {341} 15. e3 {785} dxe3 {329}
16. Nxf6+ {181} gxf6 {38} 17. Bxe3 {4} Qc7 {162} 18. a4 {1110} h5 {607} 19. Qf3
{507} Rc6 {532} 20. a5 {26} Bg4 {338} 21. Qd5 {118} Be2 {291} 22. Rfe1 {140}
Ba6 {363} 23. Red1 {157} h4 {175} 24. Qf3 {77} h3 {121} 25. Bf1 {51} Bxf1 {69}
26. Rxf1 {5} Bh6 {158} 27. Bxh6 {209} Rxh6 {2} 28. Rfd1 {16} Rc3 {190} 29. Rd3
{8} Rc4 {26} 30. Rad1 {45} Nf8 {39} 31. a6 {236} bxa6 {7} 32. Qa8+ {20} Ke7 {6}
33. Rd8 {231} 1-0

[Event "Top 16 Groupe B"]
[Site "Chartres, France"]
[Date "2024.05.30"]
[Round "1.4"]
[White "Armas, Jules"]
[Black "Kamsky, Gata"]
[Result "0-1"]
[WhiteElo "2269"]
[BlackElo "2614"]
[PlyCount "48"]
[EventDate "2024.??.??"]

1. c4 {3} e5 {381} 2. g3 {30} Nf6 {124} 3. Bg2 {9} c6 {403} 4. Nf3 {878} d6 {
166} 5. Nc3 {332} Be7 {66} 6. O-O {24} O-O {6} 7. c5 {1086} dxc5 {568} 8. Nxe5
{105} Nbd7 {15} 9. Nf3 {260} Nb6 {68} 10. d4 {26} h6 {331} 11. b3 {416} cxd4 {
58} 12. Qxd4 {24} Qxd4 {172} 13. Nxd4 {2} Rd8 {98} 14. Rd1 {447} a5 {204} 15.
a4 {333} Nbd5 {632} 16. Bb2 {253} Nxc3 {179} 17. Bxc3 {2} Nd5 {11} 18. Be1 {88}
Nb4 {130} 19. Rac1 {49} Bf6 {17} 20. e3 {411} Bg4 {127} 21. Bf3 {49} Rxd4 {22}
22. Rxd4 {38} Bxf3 {6} 23. Rd7 {9} b6 {158} 24. Rc4 {127} Bd5 {50} 0-1

[Event "Top 16 Groupe B"]
[Site "Chartres, France"]
[Date "2024.05.30"]
[Round "1.5"]
[White "Lagarde, Maxime"]
[Black "Ollier, Milan"]
[Result "1-0"]
[WhiteElo "2622"]
[BlackElo "2179"]
[PlyCount "71"]
[EventDate "2024.??.??"]

1. e4 {3} c5 {14} 2. Nf3 {5} Nc6 {7} 3. Nc3 {4} e5 {11} 4. Bc4 {5} Be7 {65} 5.
d3 {6} Nf6 {37} 6. Nd2 {56} d6 {52} 7. Nf1 {5} Bg4 {130} 8. Qd2 {13} Nd7 {214}
9. Ne3 {362} Be6 {24} 10. Ned5 {57} O-O {572} 11. O-O {28} Nb6 {99} 12. a4 {79}
Nd4 {316} 13. Ba2 {628} Bh4 {466} 14. Qd1 {722} Bg5 {884} 15. Be3 {342} h6 {285
} 16. Kh1 {268} Qd7 {520} 17. a5 {456} Nxd5 {225} 18. Nxd5 {8} Nc6 {62} 19. f4
{329} exf4 {47} 20. Bxf4 {4} Bxf4 {215} 21. Rxf4 {83} Ne7 {150} 22. d4 {728}
Bxd5 {112} 23. exd5 {4} Ng6 {50} 24. Rf1 {188} Qb5 {383} 25. dxc5 {49} Qxc5 {6}
26. Qd2 {25} Rac8 {235} 27. c4 {65} Ne5 {138} 28. Rac1 {148} b6 {118} 29. b4 {
163} Qc7 {6} 30. c5 {370} bxc5 {341} 31. bxc5 {4} dxc5 {52} 32. d6 {5} Rcd8 {
154} 33. dxc7 {137} Rxd2 {4} 34. Be6 {119} Nd3 {162} 35. Rxf7 {100} Rc8 {182}
36. Rff1+ {24} 1-0

[Event "Top 16 Groupe B"]
[Site "Chartres, France"]
[Date "2024.05.30"]
[Round "1.6"]
[White "Ronce, Nathan"]
[Black "Bauer, Christian"]
[Result "1/2-1/2"]
[WhiteElo "2189"]
[BlackElo "2572"]
[PlyCount "188"]
[EventDate "2024.??.??"]

1. d4 {7} Nf6 {25} 2. Bg5 {39} d6 {212} 3. Bxf6 {56} exf6 {2} 4. c4 {613} f5 {
203} 5. Nc3 {66} c6 {39} 6. g3 {136} Be6 {792} 7. Qd3 {965} Nd7 {308} 8. Nf3 {
824} Nb6 {810} 9. Nd2 {549} d5 {374} 10. b3 {349} g6 {876} 11. Bg2 {103} Bg7 {
18} 12. e3 {116} O-O {16} 13. O-O {72} c5 {602} 14. dxc5 {801} dxc4 {16} 15.
Qc2 {17} Nd5 {626} 16. Bxd5 {191} Bxd5 {6} 17. Rad1 {265} Be6 {145} 18. Nxc4 {
174} Qc7 {17} 19. Nd5 {96} Qxc5 {105} 20. b4 {30} Qxd5 {45} 21. Rxd5 {11} Bxd5
22. Nd2 {292} Rac8 {136} 23. Qb1 {56} Rfe8 {313} 24. Rc1 {125} Rcd8 {108} 25.
Qc2 {33} Bf6 {116} 26. a3 {31} Kg7 {13} 27. Kf1 {57} Re6 {36} 28. b5 {51} Red6
{118} 29. e4 {97} Be6 {15} 30. Nc4 {23} Rd4 {67} 31. e5 {37} Be7 {136} 32. Nd6
{37} Bxd6 {23} 33. exd6 {5} R8xd6 {51} 34. Re1 {58} f4 {31} 35. gxf4 {44} Rxf4
{34} 36. Qc3+ {22} Kh6 {17} 37. Qe3 {37} Rdd4 {55} 38. h4 {42} Bc4+ {23} 39.
Kg1 {8} Kh5 {27} 40. f3 {35} Rxh4 {45} 41. Qe7 {400} g5 {451} 42. Rc1 {951}
Rhf4 {899} 43. Kg2 {123} Bd5 {97} 44. Rh1+ {187} Kg6 {59} 45. Qd6+ {32} f6 {83}
46. Qb8 {131} Rd2+ {131} 47. Kg1 {23} Rd1+ {18} 48. Kg2 {19} Rxh1 {156} 49.
Kxh1 {14} Bxf3+ {113} 50. Kh2 {6} Bd5 {16} 51. Qe8+ {71} Bf7 {49} 52. Qc8 h5 {
114} 53. a4 {28} Kg7 {49} 54. a5 {25} Ra4 {5} 55. a6 {30} bxa6 {2} 56. bxa6 {3}
h4 {14} 57. Qb7 {56} g4 {35} 58. Qd7 {89} Ra2+ {66} 59. Kg1 {8} Ra1+ {35} 60.
Kh2 {117} Ra2+ {30} 61. Kg1 {4} Ra5 {12} 62. Kf1 {76} g3 {24} 63. Qg4+ {13} Rg5
{47} 64. Qxh4 {4} g2+ {2} 65. Kg1 {4} Bd5 {60} 66. Qd4 Rh5 {61} 67. Qg4+ {38}
Kh6 68. Qf4+ {16} Kh7 {27} 69. Qc7+ {12} Kg6 {12} 70. Qg3+ {8} Rg5 {13} 71.
Qd3+ {37} Rf5 {56} 72. Kh2 {90} Bf3 {25} 73. Kg1 {26} Bd5 {81} 74. Kh2 {5} Kg5
{9} 75. Qe3+ {120} Rf4 {38} 76. Qg3+ {40} Kf5 {47} 77. Qd3+ {18} Ke6 {21} 78.
Qe3+ {37} Kf5 {50} 79. Qd3+ {7} Ke5 {11} 80. Qe3+ {22} Be4 {33} 81. Qc5+ {38}
Ke6 {18} 82. Qc8+ {18} Ke5 {16} 83. Qc5+ {49} Bd5 {18} 84. Qe3+ {37} Re4 {33}
85. Qc3+ {41} Kf5 {69} 86. Qd3 {53} Ke6 {16} 87. Qh3+ {23} Ke7 {30} 88. Qg3 {27
} Re5 {51} 89. Qg7+ {34} Bf7 {8} 90. Kg1 {33} Rh5 {54} 91. Qg3 {26} Bd5 {23}
92. Qg7+ {13} Ke6 {38} 93. Qg8+ {16} Ke7 {31} 94. Qg7+ {7} Bf7 {35} 1/2-1/2

[Event "Top 16 Groupe B"]
[Site "Chartres, France"]
[Date "2024.05.30"]
[Round "1.7"]
[White "Guliyev, Namig"]
[Black "Vigneau-Zorraquino, Cioran"]
[Result "1-0"]
[WhiteElo "2483"]
[BlackElo "2057"]
[PlyCount "53"]
[EventDate "2024.??.??"]

1. e4 {6} c5 {11} 2. Nf3 {11} Nc6 {12} 3. d4 {11} cxd4 {16} 4. Nxd4 {8} g6 {33}
5. Nc3 {7} Bg7 {20} 6. Be3 {7} Nf6 {27} 7. Bc4 {8} O-O {36} 8. Bb3 {4} Re8 {25}
9. O-O {211} d6 {62} 10. h3 {26} Na5 {53} 11. Qd2 {41} a6 {54} 12. Bh6 {12} Bh8
{69} 13. f4 {269} Nxb3 {167} 14. axb3 {578} Qc7 {115} 15. Rae1 {324} b5 {1234}
16. e5 {275} Nd7 {327} 17. Qf2 {640} Bb7 {1788} 18. f5 {353} dxe5 {987} 19.
fxg6 {68} Bf6 {176} 20. gxf7+ {162} Kxf7 {55} 21. Qf5 {156} Rh8 {322} 22. Qh5+
{368} Kg8 {25} 23. Qg4+ {10} Kf7 {91} 24. Qh5+ {108} Kg8 {42} 25. Re3 {66} exd4
{113} 26. Rxe7 {4} Bxe7 {172} 27. Qf7# {8} 1-0

[Event "Top 16 Groupe B"]
[Site "Chartres, France"]
[Date "2024.05.30"]
[Round "1.8"]
[White "Wohlers-Armas, Frederique"]
[Black "Daulyte-Cornette, Deimante"]
[Result "0-1"]
[WhiteElo "1944"]
[BlackElo "2381"]
[PlyCount "84"]
[EventDate "2024.??.??"]

1. d4 d6 {8} 2. Nf3 {80} Nf6 {24} 3. Bf4 {113} Nbd7 {165} 4. Nbd2 {140} Nh5 {
167} 5. Bg5 {102} h6 {57} 6. Bh4 {136} g5 {76} 7. Bg3 {7} f5 {638} 8. e3 {98}
Ndf6 {131} 9. Bd3 {250} Bg7 {274} 10. e4 {351} e6 {343} 11. e5 {469} Nd5 {569}
12. c3 {579} Ndf4 {433} 13. Bf1 {720} g4 {148} 14. Ng1 {545} dxe5 {117} 15.
dxe5 {264} Bxe5 {798} 16. Qc2 {272} Bd7 {387} 17. O-O-O {368} Qe7 {170} 18. Nc4
{109} Bf6 {35} 19. Ne2 {377} Nxe2+ {147} 20. Bxe2 {55} Nxg3 {9} 21. hxg3 {32}
O-O-O {36} 22. f4 {62} Qc5 {409} 23. Bd3 {294} Bb5 {200} 24. b4 {129} Qd5 {175}
25. Nb2 {43} Bxd3 {41} 26. Nxd3 {27} Qc4 {66} 27. Kb2 {22} Rd5 {86} 28. a3 {143
} Rhd8 {207} 29. Nf2 {73} Rxd1 {52} 30. Nxd1 {49} Bg7 {77} 31. Re1 {109} Rd3 {
48} 32. Re3 {197} Bxc3+ {34} 33. Kb1 {7} Rxe3 {92} 34. Nxe3 {2} Qd4 {17} 35.
Nxf5 {61} exf5 {41} 36. Qxf5+ {2} Qd7 {80} 37. Qf8+ {21} Qd8 {3} 38. Qf5+ {32}
Kb8 {4} 39. Kc2 {13} Qd2+ {47} 40. Kb3 {3} Qb2+ {36} 41. Ka4 {21} Bf6 {35} 42.
Qxg4 {30} Qc2+ {27} 0-1

[Event "Top 16 Groupe B"]
[Site "Chartres, France"]
[Date "2024.05.30"]
[Round "1.9"]
[White "Tabatabaei, M. Amin"]
[Black "Fressinet, Laurent"]
[Result "1-0"]
[WhiteElo "2707"]
[BlackElo "2633"]
[PlyCount "157"]
[EventDate "2024.??.??"]

1. d4 {3} d5 {5} 2. c4 {6} e6 {5} 3. Nc3 {5} Nf6 {8} 4. cxd5 {16} exd5 {5} 5.
Bg5 {6} c6 {29} 6. e3 {18} Bf5 {6} 7. Qf3 {12} Bg6 {6} 8. Bxf6 {5} Qxf6 {3} 9.
Qxf6 {7} gxf6 {4} 10. h4 {7} h5 {23} 11. Kd2 {5} Nd7 {183} 12. Nh3 {37} Bd6 {
229} 13. Bd3 {21} Rg8 {411} 14. g3 {46} Bxd3 {143} 15. Kxd3 {6} f5 {4} 16. Ne2
{260} a5 {70} 17. Nef4 {24} Nf6 {80} 18. b3 {68} Ke7 {204} 19. Rab1 {15} Rge8 {
446} 20. Rhc1 {12} Kf8 {509} 21. Ke2 {18} Kg7 {296} 22. Rc2 {75} Re7 {613} 23.
Kf3 {117} Kh6 {179} 24. Nd3 {65} Ne4 {144} 25. Ng1 {190} Ra7 {611} 26. Ne2 {23}
Re8 {284} 27. Kg2 {55} Re7 {215} 28. Nc5 {386} Kg7 {157} 29. a3 {46} Re8 {306}
30. b4 {276} axb4 {154} 31. axb4 {6} Rea8 {140} 32. Rbb2 {36} Rc8 {583} 33. Nd3
{555} b5 {124} 34. Nef4 {176} Nf6 {4} 35. Ra2 {272} Rxa2 {98} 36. Rxa2 Rc7 {6}
37. Ra8 {37} Be7 {39} 38. Kf3 {21} Bd6 {36} 39. Ke2 {5} Kh7 {153} 40. Kd1 {58}
Kg7 {32} 41. Kc2 {17} Kh7 {500} 42. Kb3 {52} Kg7 {217} 43. Ra2 {937} Kh6 {107}
44. Ra8 {27} Kg7 {19} 45. Ne5 {50} Kh7 {133} 46. Ra2 {509} Ng4 {673} 47. Ned3 {
232} Nf6 {282} 48. Rc2 {18} Rc8 {145} 49. Rc1 {680} Kh6 {21} 50. Ne5 {4} Bxe5 {
35} 51. dxe5 {1} Ne4 {35} 52. Nd3 {200} Kh7 {41} 53. Rc2 {17} d4 {28} 54. exd4
{685} Rd8 55. Rxc6 {49} Rxd4 {6} 56. Kc2 {18} Kg7 {82} 57. Rc7 {56} Kf8 {23}
58. Rb7 {53} Rc4+ {12} 59. Kd1 {8} Nc3+ {54} 60. Kd2 {123} Ne4+ {13} 61. Ke3 {
26} Nc3 {13} 62. Nf4 {129} Rxb4 {31} 63. Rb8+ Kg7 {3} 64. Nxh5+ {8} Kg6 {27}
65. Nf4+ {181} Kg7 {5} 66. Rb7 {7} Kg8 {90} 67. h5 {47} Re4+ {41} 68. Kd2 {25}
Nb1+ {64} 69. Kc1 {28} Re1+ {20} 70. Kb2 {18} Nd2 71. e6 {49} Nc4+ {2} 72. Kc2
{808} fxe6 {12} 73. h6 {4} Ne5 {6} 74. Nxe6 {22} Rh1 {108} 75. h7+ {131} Kh8 {7
} 76. Ng5 {7} Ng6 {53} 77. f4 {59} Nf8 {32} 78. Rxb5 {11} Nxh7 {15} 79. Rb8+ {
11} 1-0

[Event "Top 16 Groupe B"]
[Site "Chartres, France"]
[Date "2024.05.30"]
[Round "1.10"]
[White "Ragger, Markus"]
[Black "Niemann, Hans Moke"]
[Result "0-1"]
[WhiteElo "2601"]
[BlackElo "2688"]
[PlyCount "114"]
[EventDate "2024.??.??"]

1. d4 {2} Nf6 {18} 2. c4 {8} e6 {8} 3. Nf3 {5} d5 {23} 4. g3 {4} Bb4+ {21} 5.
Bd2 {4} Be7 {9} 6. Bg2 {8} O-O {15} 7. O-O {8} Nbd7 {6} 8. Qc2 {7} c6 {5} 9.
Bf4 {51} a5 {6} 10. Rd1 {46} a4 {107} 11. Ne5 {111} Qb6 {16} 12. Nxd7 {172}
Bxd7 {102} 13. c5 {45} Qa6 {1154} 14. Nc3 {263} Rfc8 {348} 15. Bf1 {690} Bd8 {
242} 16. b3 {976} axb3 {166} 17. axb3 {156} Qxa1 {242} 18. Rxa1 {3} Rxa1 {4}
19. Na4 {15} Ne4 {1132} 20. Bc1 {193} Bf6 {130} 21. Bb2 {280} Ra2 {951} 22. Qb1
{378} Rxb2 {51} 23. Qxb2 {33} Bd8 {25} 24. Qa3 {227} Ra8 {50} 25. Qb4 {268} Ra7
{3} 26. Nb6 {98} Nf6 {5} 27. g4 {203} h6 {187} 28. h4 {72} Be8 {152} 29. Nc8 {
115} Ra1 {10} 30. Nd6 {205} Nxg4 {98} 31. Qc3 {120} Ra8 {59} 32. Nxe8 {1071}
Bxh4 {4} 33. Qh3 {30} Bxf2+ {90} 34. Kg2 {7} f5 {7} 35. Nc7 {69} Rc8 {108} 36.
Nxe6 {184} Re8 {2} 37. e4 {101} Rxe6 {5} 38. exf5 {6} Re4 {5} 39. Be2 {286}
Rxe2 {70} 40. Qxg4 {3} Re4 {8} 41. Qg6 {594} Bxd4 {108} 42. Qd6 {30} Re2+ {643}
43. Kf3 {138} Re3+ {104} 44. Kg4 {159} Bf6 {302} 45. Qb8+ {113} Kh7 {42} 46.
Qxb7 {76} h5+ {59} 47. Kf4 {13} d4 {7} 48. Qxc6 {107} h4 {5} 49. Qd5 {142} h3 {
104} 50. c6 {195} h2 {54} 51. c7 {94} Be5+ {19} 52. Kg4 {17} Rg3+ {134} 53. Kh4
{45} Bxc7 {8} 54. f6 {22} Rg6 {26} 55. f7 {36} Bd6 {137} 56. Qh1 {6} d3 {23}
57. b4 {22} d2 {13} 0-1

[Event "Top 16 Groupe B"]
[Site "Chartres, France"]
[Date "2024.05.30"]
[Round "1.11"]
[White "Van Foreest, Lucas"]
[Black "Naiditsch, Arkadij"]
[Result "1/2-1/2"]
[WhiteElo "2505"]
[BlackElo "2661"]
[PlyCount "26"]
[EventDate "2024.??.??"]

1. d4 {6} Nf6 {13} 2. c4 {39} e6 {8} 3. Nf3 {13} d5 {52} 4. g3 {6} Bb4+ {25} 5.
Bd2 {10} Be7 {10} 6. Bg2 {23} O-O {10} 7. O-O {25} c6 {32} 8. Qc2 {61} b6 {20}
9. Bf4 {159} Bb7 {17} 10. Rd1 {131} Nh5 {474} 11. Bc1 {369} Nf6 {51} 12. Bf4 {
32} Nh5 {12} 13. Bc1 {6} Nf6 {8} 1/2-1/2

[Event "Top 16 Groupe B"]
[Site "Chartres, France"]
[Date "2024.05.30"]
[Round "1.12"]
[White "Bacrot, Etienne"]
[Black "Shchekachev, Andrei"]
[Result "1/2-1/2"]
[WhiteElo "2684"]
[BlackElo "2492"]
[PlyCount "49"]
[EventDate "2024.??.??"]

1. e4 {844} e5 {25} 2. Nf3 {50} Nc6 {10} 3. Bb5 {8} a6 {19} 4. Ba4 {7} Nf6 {10}
5. O-O {12} d6 {54} 6. Re1 {71} Bd7 {92} 7. c4 {12} Bg4 {91} 8. d3 {207} Be7 {
552} 9. Be3 {59} O-O {203} 10. Nbd2 {6} Rb8 {548} 11. h3 {145} Bd7 {55} 12. Bc2
{173} Nb4 {872} 13. d4 {59} exd4 {12} 14. Bxd4 {53} Re8 {166} 15. Nf1 {319} Bf8
{593} 16. Ng3 {123} g6 {80} 17. Bb3 {180} Nc6 {422} 18. Bc3 {47} Bg7 {7} 19. c5
{375} Be6 {5} 20. Ba4 {64} dxc5 {795} 21. Bxc6 {142} Qxd1 {401} 22. Rexd1 {83}
bxc6 {5} 23. Ne5 {254} h5 {65} 24. f3 {480} h4 {194} 25. Nf1 {162} 1/2-1/2

[Event "Top 16 Groupe B"]
[Site "Chartres, France"]
[Date "2024.05.30"]
[Round "1.13"]
[White "Vlachos, Anatole"]
[Black "Rodshtein, Maxim"]
[Result "0-1"]
[WhiteElo "2470"]
[BlackElo "2593"]
[PlyCount "126"]
[EventDate "2024.??.??"]

1. e4 c5 {11} 2. Nf3 {5} d6 {7} 3. Bb5+ {5} Nd7 {37} 4. c4 {4} Ngf6 {74} 5. Nc3
{5} e6 {115} 6. d4 {57} cxd4 {16} 7. Nxd4 {4} Be7 {42} 8. O-O {6} O-O {30} 9.
Ba4 {2} Ne5 {745} 10. Qe2 {1216} Qc7 {1057} 11. Bb3 {90} Bd7 {97} 12. Ndb5 {
1795} Qb8 {140} 13. h3 {90} Rc8 {454} 14. f4 {309} Nc6 {64} 15. Be3 {149} a6 {
432} 16. Nd4 {4} Na5 {534} 17. Nf3 {403} b5 {211} 18. e5 {170} Ne8 {80} 19. Bc2
{51} g6 {108} 20. exd6 {262} Nxd6 {243} 21. Ne5 {6} Be8 {327} 22. c5 {4} Ndc4 {
43} 23. b4 {240} Nxe5 {206} 24. fxe5 {29} Qxe5 {12} 25. Ne4 {92} Nc6 {73} 26.
Qf2 {349} Rd8 {294} 27. Bf4 {265} Qd4 {13} 28. Be3 {5} Qg7 {28} 29. a3 {196}
Nd4 {97} 30. Rad1 {14} Nxc2 {154} 31. Qxc2 {3} Rac8 {76} 32. Qf2 {64} Rxd1 {137
} 33. Rxd1 {4} Bc6 {15} 34. Nd6 {130} Rf8 {86} 35. Bd4 {120} Qh6 {11} 36. Rf1 {
198} Qh4 {61} 37. Qb2 {1} Qg5 {131} 38. Rf2 {26} f6 {18} 39. Bc3 {168} Kg7 {95}
40. Qe2 {56} Qc1+ {183} 41. Be1 {2} e5 {32} 42. Rf1 {34} Qxa3 {52} 43. Qg4 {37}
h5 {525} 44. Qe6 {215} Bxd6 {16} 45. Qxd6 {41} Qe3+ {28} 46. Kh2 {2} Qe4 {44}
47. Rf3 {6} Rf7 {111} 48. Bc3 {84} g5 {53} 49. Rg3 {26} Kh7 {690} 50. Qe6 {51}
Bd5 {24} 51. Qd6 {91} Bb7 {73} 52. Qe6 {62} Bd5 {55} 53. Qd6 {1} Kg7 {38} 54.
Bd2 {88} g4 {24} 55. Be3 {297} Bc6 {55} 56. Qe6 {128} Bd7 {23} 57. Bh6+ {171}
Kg6 {17} 58. Qa2 {1} h4 {42} 59. Re3 g3+ {19} 60. Kg1 {60} Qxb4 {58} 61. Rf3 {
57} Bc6 {44} 62. Rf1 {71} Qxc5+ {62} 63. Kh1 Qd5 {48} 0-1

[Event "Top 16 Groupe B"]
[Site "Chartres, France"]
[Date "2024.05.30"]
[Round "1.14"]
[White "Bellahcene, Bilel"]
[Black "Abergel, Thal"]
[Result "1/2-1/2"]
[WhiteElo "2519"]
[BlackElo "2390"]
[PlyCount "57"]
[EventDate "2024.??.??"]

1. e4 {6} d5 {5} 2. exd5 {8} Qxd5 {5} 3. Nc3 {5} Qa5 {10} 4. d4 {37} Nf6 {50}
5. Bc4 {8} Bg4 {158} 6. f3 {655} Bf5 {51} 7. g4 {31} Bg6 {19} 8. h4 {405} h5 9.
g5 {10} Nfd7 {42} 10. Bd2 {108} Qb4 {544} 11. Bb3 {160} Nc6 {527} 12. d5 {466}
Nd4 {381} 13. Nce2 {86} Qb6 {203} 14. Nxd4 {50} Qxd4 {4} 15. Ne2 {7} Qb6 {133}
16. a4 {393} a5 {378} 17. Bc3 {275} Nc5 {242} 18. Qd2 {1155} Nxb3 {515} 19.
cxb3 {1} e5 {21} 20. dxe6 {617} Qxe6 {432} 21. O-O-O {175} Bd6 {294} 22. Nd4 {
293} Qd5 {292} 23. Rhe1+ {135} Kd7 {26} 24. Nb5 {248} Qf5 {187} 25. Re4 {95}
Ra6 {28} 26. Qf4 {562} Qxf4+ {876} 27. Rxf4 {3} Rc6 {14} 28. Rc4 {133} Re8 {34}
29. Nxd6 {68} 1/2-1/2

[Event "Top 16 Groupe B"]
[Site "Chartres, France"]
[Date "2024.05.30"]
[Round "1.15"]
[White "Kuhn, Clement"]
[Black "Maze, Sebastien"]
[Result "1/2-1/2"]
[WhiteElo "2350"]
[BlackElo "2561"]
[PlyCount "51"]
[EventDate "2024.??.??"]

1. e4 {20} c5 {42} 2. Nf3 {40} Nc6 {6} 3. Bb5 {13} e6 {9} 4. O-O {8} Nge7 {5}
5. d4 {25} cxd4 {8} 6. Nxd4 {1} Ng6 {88} 7. Be3 {18} Be7 {55} 8. c3 {22} O-O {
10} 9. Re1 {5} a6 {571} 10. Bf1 {5} d5 {455} 11. exd5 {429} Qxd5 {40} 12. Qb3 {
367} Qd7 {412} 13. Nd2 {471} e5 {835} 14. Nxc6 {385} Qxc6 {8} 15. Bc4 {712} Nh4
{479} 16. Bd5 {17} Qg6 {6} 17. g3 {584} Rd8 18. c4 {495} a5 {594} 19. Qb6 {538}
Be6 {504} 20. Bxe6 {524} fxe6 {117} 21. c5 {357} Rac8 {563} 22. Rac1 {531} Rxd2
{100} 23. Bxd2 {3} Nf3+ {4} 24. Kg2 {29} Nxe1+ {168} 25. Bxe1 {59} Qe4+ {122}
26. Kg1 {363} 1/2-1/2

[Event "Top 16 Groupe B"]
[Site "Chartres, France"]
[Date "2024.05.30"]
[Round "1.16"]
[White "Maisuradze, Nino"]
[Black "Aflalo, Sophie"]
[Result "1-0"]
[WhiteElo "2189"]
[BlackElo "2136"]
[PlyCount "65"]
[EventDate "2024.??.??"]

1. d4 g6 {29} 2. e4 {79} Bg7 {14} 3. h4 {431} c5 {234} 4. d5 {18} h5 {623} 5.
Nf3 {269} d6 {31} 6. Ng5 {23} Bg4 {368} 7. f3 {225} Bd7 {75} 8. a4 {115} Na6 {
214} 9. c3 {958} Nc7 {1000} 10. Na3 {33} Nf6 {999} 11. Bf4 {275} O-O {44} 12.
Be2 {36} b6 {439} 13. O-O {137} a6 {151} 14. Nc4 {570} Rb8 {37} 15. a5 {171}
bxa5 {357} 16. Rxa5 {15} Bb5 {16} 17. Ra2 {88} Nd7 {51} 18. Na5 {157} c4 {666}
19. Bxc4 {248} Bxc4 {190} 20. Nxc4 {10} Rb5 {194} 21. Kh1 {173} Qb8 {121} 22.
Qe2 {66} Rc8 {189} 23. Na5 {64} Re8 {16} 24. c4 {56} Rxb2 {12} 25. Rxb2 {13}
Qxb2 {1} 26. Qxb2 {75} Bxb2 {1} 27. Nc6 {170} f6 {73} 28. Nh3 {108} Be5 {47}
29. Rb1 {69} Nc5 {27} 30. Be3 {172} e6 {82} 31. Bxc5 {73} dxc5 {2} 32. f4 {14}
Bc3 {59} 33. d6 {19} 1-0

[Event "Top 16 Groupe B"]
[Site "Chartres, France"]
[Date "2024.05.30"]
[Round "1.17"]
[White "Narayanan S L"]
[Black "Korobov, Anton"]
[Result "1/2-1/2"]
[WhiteElo "2695"]
[BlackElo "2651"]
[PlyCount "67"]
[EventDate "2024.??.??"]

1. d4 {3} Nf6 {12} 2. c4 {6} e6 {6} 3. Nf3 {13} b6 {27} 4. g3 {20} Bb7 {10} 5.
Bg2 {7} Be7 {7} 6. Nc3 {35} O-O {26} 7. Bf4 {13} Bb4 {438} 8. Qb3 {37} Bxc3+ {
18} 9. Qxc3 {7} d6 {5} 10. O-O {14} Nbd7 {3} 11. b4 {162} Qe7 {157} 12. a4 {63}
a5 {318} 13. b5 {6} Ne4 {163} 14. Qc2 {561} f5 {116} 15. Rad1 {743} Rac8 {365}
16. Ng5 {1056} Ndf6 {209} 17. Bc1 {655} c6 {433} 18. Nxe4 {167} fxe4 {186} 19.
Qb3 {375} cxb5 {210} 20. axb5 {7} Qc7 {151} 21. Bh3 {80} Rfe8 {92} 22. d5 {112}
exd5 {266} 23. cxd5 {21} Qc2 {220} 24. Be6+ {40} Kh8 {274} 25. Qxc2 {682} Rxc2
{2} 26. Be3 {17} Rb2 {447} 27. Bd4 {284} Rb4 {47} 28. Bxb6 {385} Rxb5 {46} 29.
Rb1 {29} Rxb1 {304} 30. Rxb1 {4} Bxd5 {5} 31. Bxd5 {7} Nxd5 {2} 32. Bxa5 {11}
Kg8 {208} 33. Rb7 Re7 {152} 34. Rb5 {12} 1/2-1/2